000 00497nam a2200205 a 4500
001 000030520
003 DO-SdBNP
005 20250206102509.0
007 ta
008 110523s2011 dr 000 0 spa d
020 _a9749945163957
040 _aDO-SdBNP
_bspa
_cBNPHU
049 _aBNPD
082 4 _222
100 1 _aMoya, Pastor de,
_d1965-
_97820
245 1 3 _aLa piara /
_cPastor de Moya.
260 _aSanto Domingo :
_bBúho,
_c2011.
300 _a67 p. ;
_c22 cm.
942 _2ddc
_cLBS1
999 _c30012
_d30012